000 00479nam a22001817a 4500
003 NUST - PNEC
005 20170116181033.0
008 150919b xxu||||| |||| 00| 0 eng d
020 _a0471356174
040 _cLIBRARY
082 _a621.43 FER
100 _911226
_aFerguson, Colin R.
245 _aInternal combustion engines, applied thermosciences
_cColin R. Ferguson
250 _a2nd ed.
260 _cc.2001
650 _911228
_aThermodynamics
_xME
942 _2ddc
_cBK
999 _c67826
_d67826